Loading...
| Fine Arts - Classical Music | 0 | 5 | 0 | 1 | 50 | 68 | 109.20 | 3 | 5 | 0.00 | 0.00 |
| Literature - British | 0 | 4 | 1 | 0 | 35 | 50 | 94.00 | 3 | 4 | 0.00 | 0.00 |
| Literature - World/Other | 0 | 3 | 0 | 0 | 30 | 49 | 72.33 | 1 | 3 | 0.00 | 0.00 |
| Literature - American | 0 | 3 | 1 | 0 | 25 | 23 | 71.00 | 1 | 3 | 0.00 | 0.00 |
| History - American | 0 | 2 | 0 | 1 | 20 | 93 | 93.00 | 0 | 2 | 0.00 | 0.00 |
| Literature - European | 0 | 2 | 0 | 0 | 20 | 76 | 103.50 | 0 | 2 | 0.00 | 0.00 |
| Religion | 0 | 2 | 1 | 0 | 15 | 83 | 93.50 | 1 | 1 | 0.00 | 0.00 |
| Mythology | 0 | 2 | 1 | 1 | 15 | 73 | 110.50 | 1 | 1 | 0.00 | 0.00 |
| Fine Arts - Other | 0 | 1 | 0 | 0 | 10 | 80 | 80.00 | 1 | 1 | 0.00 | 0.00 |
| History - European | 0 | 1 | 0 | 0 | 10 | 104 | 104.00 | 1 | 1 | 0.00 | 0.00 |
| Geography/Current Events | 0 | 1 | 0 | 0 | 10 | 100 | 100.00 | 0 | 0 | 0.00 | 0.00 |
| History - Other | 0 | 1 | 0 | 0 | 10 | 75 | 75.00 | 0 | 1 | 0.00 | 0.00 |
| Philosophy | 0 | 1 | 0 | 1 | 10 | 106 | 106.00 | 0 | 1 | 0.00 | 0.00 |
| Fine Arts - Visual | 0 | 0 | 1 | 0 | -5 | 0.00 | 0 | 0 | 0.00 | 0.00 |